000 01300cam a2200337 i 4500
001 17876128
003 PILC
005 20150921123511.0
008 130905s2015 ctua b 001 0 eng
010 _a 2013949661
020 _a9781285194509
020 _a1285194500
040 _aDLC
_beng
_cDLC
_erda
_dDLC
042 _apcc
043 _an-us---
050 0 0 _aLB 2343.32
_b.W555 2015
100 1 _aWilson, Gwenn.
245 1 0 _a100% student success /
_cGwenn Wilson, MA.
246 3 _aOne hundred percent student success
250 _a3rd edition.
260 _aAustralia :
_bCengage Learning,
_c2015.
300 _axvi, 270 pages :
_bcolor illustrations ;
_c24 cm
500 _aIncludes bibliographical references and index.
650 0 _aCollege student orientation
_zUnited States.
856 4 2 _3Contributor biographical information
_uhttp://www.loc.gov/catdir/enhancements/fy1509/2013949661-b.html
856 4 2 _3Publisher description
_uhttp://www.loc.gov/catdir/enhancements/fy1509/2013949661-d.html
856 4 1 _3Table of contents only
_uhttp://www.loc.gov/catdir/enhancements/fy1509/2013949661-t.html
906 _a7
_bcbc
_corignew
_d2
_eepcn
_f20
_gy-gencatlg
942 _2lcc
_cBK
_kFOR
999 _c288702
_d288702